| 000 | 00599nam a22001817a 4500 | ||
|---|---|---|---|
| 999 |
_c186466 _d186466 |
||
| 005 | 20220307104739.0 | ||
| 010 | _aENG-131848 | ||
| 020 |
_a9789389253061 _c299.00 |
||
| 035 | _aEN-115380 | ||
| 037 | _bDBAD/PUB | ||
| 082 | _a158.1 | ||
| 100 | _aHill, Napoleon | ||
| 245 |
_aTimeless Thoughts for Today/ _cNapoleon Hill & Judith Williamson |
||
| 260 |
_aGurugram _bHachette Book Publishing India Pvt. Ltd. _c2008 |
||
| 270 |
_a4th & 5th floors, Corporate Centre, Plot No.- 94, Sector 44 _bGurugram _e122003 |
||
| 300 |
_aviii, 180p. _c19 cm(pbk) |
||
| 942 |
_2ddc _cEN _h158.1 _mHIL |
||